000 00762nam a2200253Ia 4500
003 OSt
005 20221007095204.0
006 a|||||r|||| 00| 0
007 ta
008 221006b |||||||| |||| 00| 0 eng d
020 _a8176292338
024 _a1,032
037 _cReference Collections
040 _aLCO
_cLCO
_beng
041 _2eng
_aeng
082 _aV1:5, P0
100 _aSubbian A.
_9468606
245 0 _aHuman Rights Complaints Systems
_b International and Regional Iyer,V.R. Krishna (forword by)
260 _aNew
_bDelhi Deep & Deep Publications India
_c2000
300 _a268
650 _aHuman Rights Complaints Systems
_9700949
942 _hV1:5, P0
_cREF
999 _c1170595
_d1170595